Studies in Chuvash etymology, 1. ed. by Róna-Tas A. Szeged, 1982 recenziâ /

Elmentve itt :
Bibliográfiai részletek
Szerző: Levitskaâ Liâ Sergeevna
További közreműködők: Róna-Tas András
Dokumentumtípus: Cikk
Megjelent: 1983
Sorozat:Voprosy âzykoznaniâ
Kulcsszavak:Csuvas nyelv - etimológia - könyvismertetés
Tárgyszavak:
Online Access:http://misc.bibl.u-szeged.hu/68076
LEADER 00856nab a2200241 i 4500
001 misc68076
005 20230214135626.0
008 220525s1983 hu o 0|| rus d
040 |a SZTE Miscellanea Repozitórium  |b hun 
041 |a rus 
100 1 |a Levitskaâ Liâ Sergeevna 
245 1 0 |a Studies in Chuvash etymology, 1. ed. by Róna-Tas A. Szeged, 1982   |h [elektronikus dokumentum] :  |b recenziâ /  |c  Levitskaâ Liâ Sergeevna 
260 |c 1983 
300 |a 141-144  |c 26 cm 
300 |a [4] p.  |c 26 cm 
490 0 |a Voprosy âzykoznaniâ 
561 |a Németh Gyula hagyaték 
591 |a OA 3155 
650 4 |a Bölcsészettudományok 
650 4 |a Nyelvek és irodalom 
695 |a Csuvas nyelv - etimológia - könyvismertetés 
700 0 2 |a Róna-Tas András 
856 4 0 |u http://misc.bibl.u-szeged.hu/68076/1/3155_oa_l62.pdf  |z Dokumentum-elérés